000 01717cam a2200385Ia 4500
999 _c6793
_d6793
001 451378
003 GBCCL
005 20241126110611.0
008 000330s1993 tnua 000 0 eng d
020 _a0805499547
_q(pbk.)
020 _a9780805499544
_q(pbk.)
035 _a(OCoLC)ocm43742464
035 _a(OCoLC)43742464
040 _aIMF
_beng
_cIMF
_dKLG
_dBAKER
_dYDXCP
_dBDX
_dOCLCF
_dOCLCQ
_dMXL
_dOCLCO
049 _aLBBA
050 4 _aBV4501.2
_b.B545 1993
082 0 4 _a248.4
_bBLA
090 _aBV4501.2
_b.B545 1993
100 1 _aBlackaby, Henry T.
_d1935-
_92596
245 1 0 _aExperiencing God :
_bknowing and doing the will of God /
_cHenry T. Blackaby & Claude V. King.
260 _aNashville, Tenn. :
_bLifeway Press,
_c1993.
300 _a224 pages :
_billustrations ;
_c28 cm
336 _atext
_btxt
_2rdacontent
337 _aunmediated
_bn
_2rdamedia
338 _avolume
_bnc
_2rdacarrier
500 _aWorkbook format.
505 0 _aGod's will and your life -- Looking to God -- God pursues a love relationship -- Love and God's invitation -- God speaks -- The crisis of belief -- Adjusting your life to God -- Experiencing God through obedience -- God's will and the church -- Kingdom people -- Continuing fellowship with God -- Names, titles and descriptions of God.
520 _a"Learn to hear when God is speaking to you. Find out where God is working and join him. Experience God doing through you what only God can do!"--Cover back.
650 0 _aGod
_xWill.
_97731
650 0 _aChristian life.
_9183
650 7 _aChristian life.
_2fast
_0(OCoLC)fst00859185
_9183
650 7 _aGod
_xWill.
_2fast
_0(OCoLC)fst00944122
_97731
700 1 _aKing, Claude V.
_d1954-
_92597
942 _2ddc
_cBK